Doing theology today /
保存先:
| 第一著者: | |
|---|---|
| フォーマット: | 図書 |
| 言語: | 英語 |
| 出版事項: |
Madras :
The christian literature society,
c1976.
|
| 主題: | |
| タグ: |
タグなし, このレコードへの初めてのタグを付けませんか!
|
MARC
| LEADER | 00000nam a22000002 4500 | ||
|---|---|---|---|
| 001 | 0000041249 | ||
| 003 | Daystar | ||
| 005 | 20171002021412.0 | ||
| 008 | 070824s xx 000 0 eng d | ||
| 040 | |a Daystar |d Pamatta | ||
| 050 | 0 | 0 | |a BT 75.35 |b .S65 |
| 100 | 1 | |a Song, Choan-Seng. | |
| 245 | 1 | 0 | |a Doing theology today / |c by.Choan-seng Song. |
| 260 | |a Madras : |b The christian literature society, |c c1976. | ||
| 300 | |a xv,124p. | ||
| 504 | |a Includes bibliographical references. | ||
| 650 | 0 | |a Theology. | |
| 908 | |a 070824 | ||
| 942 | |c G | ||
| 952 | |0 4 |1 0 |4 0 |6 BT007535 S65 |7 0 |9 41189 |a DUN |b DUN |c STORE |d 2017-09-28 |l 0 |o BT 75.35.S65 |p BK044401 |r 2017-09-28 00:00:00 |w 2017-09-28 |x 2449 |y G | ||
| 999 | |c 27093 |d 27093 | ||